| 000 | 00962phm a2200169 a 4500 | ||
|---|---|---|---|
| 999 |
_c2480 _d2480 |
||
| 020 | _a9781843982586 1843982587 | ||
| 050 | _aHF5549.L48 LEA | ||
| 100 | _aCharles Leatherbarrow | ||
| 245 |
_aIntroduction to human resource management : _ba guide to HR in practice _c Charles Leatherbarrow; Janet Fletcher; Donald Currie |
||
| 260 |
_aLondon _bChartered Institute of Personnel and Development _c2010 |
||
| 300 | _aPrevious ed.: published as by Donald Currie. 2006. | ||
| 300 | _aFormerly CIP. | ||
| 500 | _aIncludes index | ||
| 505 | _aOrganisations The employment relationship HRM: The role of the HR practitioner Human resource planning Recruitment Selection Induction and retention Learning Human resource development Performance management Employee reward Health, safety and wellbeing Diversity and equality Ending the employment relationship Aspects of organisation culture Organisational change Work-life balance | ||
| 700 | _aLeatherbarrow | ||
| 942 | _cBK | ||